| 000 | 00926nam a2200301Ia 4500 | ||
|---|---|---|---|
| 003 | OSt | ||
| 005 | 20220912144923.0 | ||
| 006 | a|||||r|||| 00| 0 | ||
| 007 | ta | ||
| 008 | 220909b |||||||| |||| 00| 0 eng d | ||
| 020 | _a0195687825 (pbk) | ||
| 024 | _a84387 | ||
| 037 | _b021, 05/08/2009, Aviva Books Company | ||
| 037 | _cTextbook | ||
| 040 |
_aCSL _beng _cCSL |
||
| 041 | _aeng | ||
| 082 | _aG:55:(F), P7;1 TK | ||
| 100 | _aBhattacharyya Bimal C | ||
| 245 | 0 | _aEnvironmental biotechnology | |
| 260 |
_aNew Delhi _bOxford University Press _c2007 |
||
| 300 |
_aix, 338p. _ccm. |
||
| 500 | _aIncludes bibliographical references.; Index 337-338p. | ||
| 650 | _a Biotechnology | ||
| 650 | _aEnvironment | ||
| 700 | _a Banerjee Rintu | ||
| 942 |
_hG:55:(F), P7;1 TK _cTB _2CC |
||
| 999 |
_c19031 _d19031 |
||